000 00639nam a2200229Ia 4500
003 OSt
005 20220926035500.0
006 a|||||r|||| 00| 0
007 ta
008 220923b |||||||| |||| 00| 0 eng d
037 _cGeneral Book
040 _aRTL
_cRTL
_beng
041 _2eng
_aeng
082 _aX:99P.3124.N5, J8
100 _aLockwood David
245 0 _aBlackcoated worker
_b A study in class consciousnes
260 _c1958
490 _aStudies in Society
650 _aClerical Labour Economics
_9263730
942 _hX:99P.3124.N5, J8
_cGB
_2CC
999 _c662318
_d662318